[Event "AZE-ch Prelim 78th"]
[Site "Baku"]
[Date "2024.04.18"]
[Round "8"]
[White "Rustamov, Rustam"]
[Black "Aslanov, Umid Fuad"]
[Result "1-0"]
[WhiteElo "2261"]
[BlackElo "2239"]
[PlyCount "105"]
[EventDate "2024.04.11"]
[EventType "swiss"]
[EventRounds "9"]
[EventCountry "AZE"]
[SourceTitle "CB17_2024"]
[SourceDate "2024.04.24"]
[SourceVersion "1"]
[SourceVersionDate "2024.04.24"]
[SourceQuality "1"]

1. e4 c5 2. Nf3 d6 3. d4 cxd4 4. Nxd4 Nf6 5. Nc3 a6 6. h3 e6 7. g4 Be7 8. g5 Nfd7 9. Be3 b5 10. a3 Bb7 11. Qd2 Nc6 12. h4 0-0 13. 0-0-0 Qc7 14. h5 Nc5 15. f3 Rab8 16. g6 b4 17. h6 fxg6 18. hxg7 Rf7 19. Nxc6 bxc3 20. Qh2 cxb2+ 21. Kb1 h5 22. Nxe7+ Rxe7 23. Bxc5 Qxc5 24. Qxd6 Qxd6 25. Rxd6 Kxg7 26. Rb6 Ree8 27. Bd3 Rec8 28. Rg1 Bc6 29. Rxa6 e5 30. f4 Kh6 31. fxe5 Ra8 32. Rb6 Rxa3 33. Kxb2 Ra5 34. e6 Re5 35. e7 Rc7 36. c4 Be8 37. Kc3 Rcxe7 38. Kd4 Kg7 39. c5 h4 40. c6 Ra5 41. Rb7 Ra7 42. Rxe7+ Rxe7 43. e5 h3 44. Be4 Ra7 45. Kc5 h2 46. Rh1 Ra2 47. Kd6 Rd2+ 48. Bd5 Bxc6 49. Kxc6 g5 50. e6 Kf8 51. Kd6 g4 52. e7+ Ke8 53. Rxh2 1-0

[Event "AZE-ch Prelim 78th"]
[Site "Baku"]
[Date "2024.04.15"]
[Round "5"]
[White "Hasanzade, Toghrul Qasim Oglu"]
[Black "Aslanov, Umid Fuad"]
[Result "1-0"]
[WhiteElo "2350"]
[BlackElo "2239"]
[PlyCount "103"]
[EventDate "2024.04.11"]
[EventType "swiss"]
[EventRounds "9"]
[EventCountry "AZE"]
[SourceTitle "CB17_2024"]
[SourceDate "2024.04.24"]
[SourceVersion "1"]
[SourceVersionDate "2024.04.24"]
[SourceQuality "1"]

1. e4 c5 2. Nf3 d6 3. d4 cxd4 4. Nxd4 Nf6 5. Nc3 a6 6. Nf3 Nc6 7. Bf4 e5 8. Bg5 Be6 9. Bxf6 Qxf6 10. Nd5 Qd8 11. h4 Qa5+ 12. c3 Bxd5 13. exd5 Ne7 14. Qb3 Qxd5 15. Bc4 Qe4+ 16. Kf1 f6 17. Rd1 0-0-0 18. Bd5 Nxd5 19. Rxd5 Qb1+ 20. Ne1 Rd7 21. Rh3 Qe4 22. Qd1 g5 23. hxg5 fxg5 24. Re3 Qf5 25. b4 g4 26. b5 Bh6 27. Re2 Qh5 28. Rexe5 Qh1+ 29. Ke2 g3 30. Re4 Rf8 31. f3 axb5 32. Rxb5 Kb8 33. Qd4 Bg7 34. Qe3 Bh6 35. Re8+ Rxe8 36. Qxe8+ Kc7 37. Rxb7+ Kxb7 38. Qxd7+ Ka8 39. Qc8+ Ka7 40. Qc7+ Ka8 41. Qxd6 Qh5 42. Nd3 Qh2 43. Qd5+ Kb8 44. Qe5+ Ka8 45. Ne1 Kb7 46. c4 Ka7 47. Qe7+ Ka8 48. Qxh7 Qh5 49. Nd3 Qg5 50. Qe4+ Ka7 51. Qd4+ Ka6 52. Qd6+ 1-0

[Event "Titled Tuesday intern op 13th Feb Early"]
[Site "Chess.com INT"]
[Date "2024.02.13"]
[Round "1"]
[White "Ai, Evan Zihao"]
[Black "Aslanov, Umid Fuad"]
[Result "1-0"]
[WhiteElo "2188"]
[BlackElo "2211"]
[PlyCount "115"]
[EventDate "2024.02.13"]
[EventType "swiss (blitz)"]
[EventRounds "11"]
[EventCountry "USA"]
[SourceTitle "CB08_2024"]
[SourceDate "2024.02.21"]
[SourceVersion "1"]
[SourceVersionDate "2024.02.21"]
[SourceQuality "1"]

1. e4 c5 2. Nf3 d6 3. d4 cxd4 4. Nxd4 Nf6 5. Nc3 a6 6. h3 e6 7. g4 Be7 8. Bg2 Nfd7 9. Be3 Nc6 10. Qe2 0-0 11. f4 Nxd4 12. Bxd4 b5 13. 0-0-0 Bb7 14. g5 Qa5 15. a3 b4 16. Nb1 bxa3 17. Nxa3 Rac8 18. Kb1 Nc5 19. h4 e5 20. fxe5 dxe5 21. Bxe5 Na4 22. Nc4 Qb5 23. Bf1 Bb4 24. Rh3 Rfe8 25. Rb3 a5 26. Nd6 Qxe5 27. Nxe8 Qxe8 28. Bh3 Rxc2 29. Kxc2 Bxe4+ 30. Rbd3 Nc5 31. Kc1 Nxd3+ 32. Rxd3 Qc6+ 33. Kd1 Qa4+ 34. Kc1 Bxd3 35. Qxd3 Qc6+ 36. Kb1 a4 37. Bd7 Qh1+ 38. Ka2 Qxh4 39. Bxa4 Qxg5 40. Bb3 Qa5+ 41. Kb1 Bf8 42. Qd7 Qh5 43. Bd5 Qd1+ 44. Ka2 Qf1 45. Kb3 Qd3+ 46. Ka4 Qd4+ 47. Kb3 Qf6 48. Kc4 h5 49. b4 Qf4+ 50. Kd3 Bxb4 51. Qe8+ Bf8 52. Qd7 h4 53. Be4 Qh6 54. Qf5 h3 55. Bd5 Qh7 56. Bxf7+ Kh8 57. Bg6 Qh6 58. Qxf8# 1-0

[Event "Titled Tuesday intern op 13th Feb Early"]
[Site "Chess.com INT"]
[Date "2024.02.13"]
[Round "7"]
[White "Aslanov, Umid Fuad"]
[Black "Norowitz, Yaacov"]
[Result "0-1"]
[WhiteElo "2211"]
[BlackElo "2402"]
[PlyCount "130"]
[EventDate "2024.02.13"]
[EventType "swiss (blitz)"]
[EventRounds "11"]
[EventCountry "USA"]
[SourceTitle "CB08_2024"]
[SourceDate "2024.02.21"]
[SourceVersion "1"]
[SourceVersionDate "2024.02.21"]
[SourceQuality "1"]

1. e4 c6 2. d4 d5 3. Nd2 dxe4 4. Nxe4 Nf6 5. Nxf6+ gxf6 6. c3 Qd5 7. Qf3 Bf5 8. Qxd5 cxd5 9. Nf3 Nc6 10. Bb5 a6 11. Ba4 e6 12. Bf4 Kd7 13. Rc1 Be4 14. Ke2 Bd6 15. Bxd6 Kxd6 16. Nd2 Bxg2 17. Rhg1 Rhg8 18. Bc2 Rg7 19. Nb3 Rag8 20. Ke3 b6 21. Bd3 a5 22. c4 dxc4 23. Bxc4 Bd5 24. Rxg7 Rxg7 25. Nd2 Rg4 26. Be2 Rh4 27. Nc4+ Bxc4 28. Rxc4 Nb4 29. a3 Nd5+ 30. Kf3 Rh3+ 31. Kg2 Nf4+ 32. Kf1 Rxh2 33. Bf3 Rh3 34. Ba8 Kd7 35. Bc6+ Ke7 36. b4 Rxa3 37. f3 axb4 38. Kf2 b3 39. Kg3 b2 40. Rb4 Nd3 41. Rxb6 Ra1 42. Be4 b1Q 43. Rxb1 Rxb1 44. Bxd3 Rd1 45. Bxh7 Rxd4 46. Be4 f5 47. Bc2 Kf6 48. f4 Rb4 49. Bd1 Rb2 50. Kf3 Ra2 51. Kg3 Ra3+ 52. Kf2 Ke7 53. Be2 f6 54. Bc4 e5 55. fxe5 fxe5 56. Bd5 Kf6 57. Bg2 e4 58. Kg1 Ke5 59. Kh2 f4 60. Bh3 f3 61. Bf1 Kf4 62. Kg1 e3 63. Kh1 Ra1 64. Kh2 Rxf1 65. Kh3 Rh1# 0-1

[Event "Titled Tuesday intern op 13th Feb Early"]
[Site "Chess.com INT"]
[Date "2024.02.13"]
[Round "11"]
[White "Aslanov, Umid Fuad"]
[Black "Spitzl, Vinzent"]
[Result "1/2-1/2"]
[WhiteElo "2211"]
[BlackElo "2365"]
[PlyCount "86"]
[EventDate "2024.02.13"]
[EventType "swiss (blitz)"]
[EventRounds "11"]
[EventCountry "USA"]
[SourceTitle "CB08_2024"]
[SourceDate "2024.02.21"]
[SourceVersion "1"]
[SourceVersionDate "2024.02.21"]
[SourceQuality "1"]

1. e4 c5 2. Nf3 d6 3. d4 cxd4 4. Nxd4 Nf6 5. Nc3 a6 6. Bc4 e6 7. Bb3 Nc6 8. Be3 Qc7 9. Qe2 Na5 10. g4 Be7 11. g5 Nxb3 12. axb3 Nd7 13. f4 0-0 14. h4 b6 15. h5 Bb7 16. g6 Nc5 17. Qg2 f5 18. gxh7+ Kxh7 19. Qg6+ Kg8 20. Nxe6 Nxe6 21. Qxe6+ Rf7 22. h6 Bf6 23. Nd5 Bxd5 24. Qxd5 Re8 25. 0-0-0 Rxe4 26. Bxb6 Qe7 27. Bd8 Qe6 28. Qa8 Rf8 29. hxg7 Bxg7 30. Rdg1 Re2 31. Qb7 Rf7 32. Qxa6 Qe4 33. Qc8 Rf8 34. Qc7 Qd4 35. Rh3 Qxb2+ 36. Kd1 Qd4+ 37. Kxe2 Re8+ 38. Be7 Qxg1 39. Re3 Qg2+ 40. Kd3 Qd5+ 41. Ke2 Qg2+ 42. Kd3 Qd5+ 43. Ke2 Qg2+ 1/2-1/2

[Event "Titled Tuesday intern op 06th Feb Early"]
[Site "Chess.com INT"]
[Date "2024.02.06"]
[Round "4"]
[White "Rosenberg, Evan"]
[Black "Aslanov, Umid Fuad"]
[Result "0-1"]
[WhiteElo "1985"]
[BlackElo "2211"]
[PlyCount "90"]
[EventDate "2024.02.06"]
[EventType "swiss (blitz)"]
[EventRounds "11"]
[EventCountry "USA"]
[SourceTitle "CB07_2024"]
[SourceDate "2024.02.14"]
[SourceVersion "1"]
[SourceVersionDate "2024.02.14"]
[SourceQuality "1"]

1. c4 e6 2. g3 d5 3. Bg2 Nf6 4. Nf3 dxc4 5. Na3 c5 6. Nxc4 Nc6 7. 0-0 Be7 8. b3 0-0 9. Bb2 Nd5 10. Rc1 b6 11. Nce5 Nxe5 12. Nxe5 Bb7 13. d4 Rc8 14. dxc5 Rxc5 15. Ba3 Rxc1 16. Qxc1 Bxa3 17. Qxa3 a5 18. Nc4 Qc7 19. Rc1 Rc8 20. Rd1 Nc3 21. Re1 Bxg2 22. Kxg2 Rd8 23. Qb2 Nd5 24. Kg1 b5 25. Ne5 b4 26. Nc4 a4 27. Qe5 Qxe5 28. Nxe5 Nc3 29. Nc6 Rd2 30. Nxb4 a3 31. Kf1 Nxa2 32. Nxa2 Rxa2 33. Rc1 Kf8 34. Rc8+ Ke7 35. Ra8 Kd6 36. Ra7 Kc5 37. Rxf7 Rb2 38. Ra7 a2 39. Kg2 Kb4 40. h4 Kxb3 41. Rb7+ Kc2 42. Ra7 Kb1 43. Rxa2 Rxa2 44. Kf3 Kc2 45. Ke4 Kc3 0-1

[Event "Titled Tuesday intern op 06th Feb Early"]
[Site "Chess.com INT"]
[Date "2024.02.06"]
[Round "6"]
[White "Toktomushev, Teimur"]
[Black "Aslanov, Umid Fuad"]
[Result "0-1"]
[WhiteElo "2268"]
[BlackElo "2211"]
[PlyCount "156"]
[EventDate "2024.02.06"]
[EventType "swiss (blitz)"]
[EventRounds "11"]
[EventCountry "USA"]
[SourceTitle "CB07_2024"]
[SourceDate "2024.02.14"]
[SourceVersion "1"]
[SourceVersionDate "2024.02.14"]
[SourceQuality "1"]

1. d4 d5 2. c4 c6 3. Nc3 Nf6 4. e3 e6 5. Nf3 Nbd7 6. Qc2 Bd6 7. Bd3 0-0 8. 0-0 Re8 9. e4 dxe4 10. Nxe4 Nxe4 11. Bxe4 Nf6 12. Bg5 h6 13. Bh4 Qa5 14. Bxf6 gxf6 15. Rfe1 Qh5 16. h3 Bd7 17. Nd2 f5 18. Bf3 Qg5 19. Nf1 c5 20. Rad1 Red8 21. Bxb7 Rab8 22. dxc5 Bxc5 23. Bf3 Be8 24. a3 a5 25. Qc3 Ba4 26. Rxd8+ Qxd8 27. Ng3 Bd4 28. Qc1 Rxb2 29. Re2 Rxe2 30. Nxe2 Bg7 31. g3 Qc7 32. Kg2 Qc5 33. Qd2 Bb3 34. Qd8+ Kh7 35. Qa8 Bxc4 36. Qb7 Bd5 37. Bxd5 Qxd5+ 38. Qxd5 exd5 39. Kf3 Bb2 40. a4 Be5 41. Nf4 d4 42. Nd3 Bd6 43. Nc1 Kg6 44. Nb3 d3 45. Nxa5 d2 46. Ke2 f4 47. g4 f3+ 48. Kxd2 Bb4+ 49. Ke3 Bxa5 50. Kxf3 Kg5 51. Kg2 Bc7 52. f3 Kf4 53. h4 Bd8 54. g5 hxg5 55. h5 Kf5 56. Kg3 Bc7+ 57. Kh3 Kf4 58. h6 Kf5 59. h7 Be5 60. a5 Kg6 61. Kg4 f5+ 62. Kh3 Kxh7 63. Kg2 Bd4 64. a6 Kg6 65. f4 g4 66. Kf1 Kf6 67. Ke2 Ke6 68. Kd3 Kd5 69. Ke2 Ba7 70. Kd3 Bb6 71. Kc3 Ke4 72. Kc4 Kxf4 73. Kb5 Be3 74. Kc6 Kf3 75. Kb7 g3 76. a7 Bxa7 77. Kxa7 g2 78. Kb7 g1Q 0-1

[Event "Titled Tuesday intern op 16th Jan Early"]
[Site "Chess.com INT"]
[Date "2024.01.16"]
[Round "3"]
[White "Aslanov, Umid Fuad"]
[Black "Mrudul, Dehankar"]
[Result "1/2-1/2"]
[WhiteElo "2211"]
[BlackElo "1968"]
[PlyCount "146"]
[EventDate "2024.01.16"]
[EventType "swiss (blitz)"]
[EventRounds "11"]
[EventCountry "USA"]
[SourceTitle "CB04_2024"]
[SourceDate "2023.10.16"]
[SourceVersion "1"]
[SourceVersionDate "2023.10.16"]
[SourceQuality "1"]

1. e4 c6 2. d4 d5 3. Nd2 dxe4 4. Nxe4 Nf6 5. Nxf6+ exf6 6. c3 Bd6 7. Bd3 0-0 8. Qc2 Re8+ 9. Ne2 h5 10. 0-0 h4 11. h3 Nd7 12. Bf4 Nf8 13. Bxd6 Qxd6 14. c4 Ne6 15. Rad1 Nf4 16. Nxf4 Qxf4 17. d5 cxd5 18. cxd5 Bd7 19. Qb3 Rab8 20. Bb5 Red8 21. Rfe1 Bf5 22. Bd3 Rd7 23. Bxf5 Qxf5 24. Rd4 Rbd8 25. Red1 g5 26. d6 Kg7 27. Rd5 Qf4 28. Qd3 b6 29. Rd4 Qe5 30. Rd5 Qf4 31. Qa3 Qe4 32. R5d4 Qe5 33. Qb4 Rc8 34. Qa4 Rcd8 35. Qb4 Rc8 36. Re1 Qc5 37. Qd2 Rcd8 38. Rd5 Qc6 39. Rd1 Kg6 40. Qd4 Rc8 41. f4 Qc4 42. f5+ Kg7 43. Qxc4 Rxc4 44. R1d2 Rc6 45. Kf2 Kf8 46. Ke3 Ke8 47. b3 Kd8 48. a4 Rb7 49. R2d3 Kd7 50. Kd4 Rxd6 51. Kc4 Rc7+ 52. Kb4 Rxd5 53. Rxd5+ Kc6 54. Rd2 Rd7 55. Rxd7 Kxd7 56. Kb5 Kc7 57. Ka6 Kb8 58. b4 Ka8 59. a5 bxa5 60. Kxa5 Kb8 61. Kb5 Kb7 62. Kc5 Kc7 63. Kb5 Kb7 64. Ka5 Kc7 65. Ka6 Kb8 66. b5 Ka8 67. b6 axb6 68. Kxb6 Kb8 69. Kc6 Kc8 70. Kd6 Kd8 71. Kc6 Kc8 72. Kd6 Kd8 73. Kc6 Kc8 1/2-1/2

[Event "Budapest Vezerkepzo IM 12"]
[Site "Budapest"]
[Date "2023.12.16"]
[Round "3"]
[White "Aslanov, Umid Fuad"]
[Black "Szalay Ocsak, Bank"]
[Result "1-0"]
[WhiteElo "2214"]
[BlackElo "2214"]
[PlyCount "51"]
[EventDate "2023.12.14"]
[EventType "tourn"]
[EventRounds "9"]
[EventCountry "HUN"]
[SourceTitle "CB52_2023"]
[SourceDate "2023.12.27"]
[SourceVersion "1"]
[SourceVersionDate "2023.12.27"]
[SourceQuality "1"]

1. e4 c5 2. Nf3 d6 3. d4 cxd4 4. Nxd4 Nf6 5. Nc3 g6 6. Be3 Nc6 7. f3 h5 8. Bb5 Bd7 9. Qe2 Bg7 10. 0-0-0 Na5 11. Bxd7+ Nxd7 12. f4 Rc8 13. Bf2 Nc4 14. f5 gxf5 15. exf5 Nde5 16. Rhe1 0-0 17. Nd5 Re8 18. Kb1 Qa5 19. Nb3 Qa4 20. Bd4 Rc6 21. Qxh5 Ra6 22. Nc3 Qb4 23. Re4 Nxb2 24. Bxe5 Nc4 25. Bxg7 Na3+ 26. Kc1 1-0

[Event "Rome City op 5th"]
[Site "Rome"]
[Date "2023.12.05"]
[Round "3"]
[White "Aslanov, Umid Fuad"]
[Black "Piesik, Piotr"]
[Result "0-1"]
[WhiteElo "2214"]
[BlackElo "2432"]
[PlyCount "56"]
[EventDate "2023.12.04"]
[EventType "swiss"]
[EventRounds "9"]
[EventCountry "ITA"]
[SourceTitle "CB50_2023"]
[SourceDate "2023.12.13"]
[SourceVersion "1"]
[SourceVersionDate "2023.12.13"]
[SourceQuality "1"]

1. e4 e5 2. Nf3 Nf6 3. Nxe5 d6 4. Nf3 Nxe4 5. d4 d5 6. Bd3 Nc6 7. 0-0 Be7 8. Re1 Bg4 9. Bxe4 dxe4 10. Rxe4 Bxf3 11. Qxf3 Nxd4 12. Qd1 Ne6 13. Bd2 Qd7 14. Nc3 0-0-0 15. Be3 Qxd1+ 16. Rxd1 Rxd1+ 17. Nxd1 Rd8 18. Nc3 Bf6 19. f4 Nd4 20. Bxd4 Rxd4 21. Rxd4 Bxd4+ 22. Kf1 Bxc3 23. bxc3 Kd7 24. Ke2 Kc6 25. Kd2 Kb5 26. Kc1 Kc4 27. Kd2 f5 28. h3 h5 0-1

[Event "Rome City op 5th"]
[Site "Rome"]
[Date "2023.12.05"]
[Round "2"]
[White "Joie, Sebastien"]
[Black "Aslanov, Umid Fuad"]
[Result "0-1"]
[WhiteElo "2400"]
[BlackElo "2214"]
[PlyCount "68"]
[EventDate "2023.12.04"]
[EventType "swiss"]
[EventRounds "9"]
[EventCountry "ITA"]
[SourceTitle "CB50_2023"]
[SourceDate "2023.12.13"]
[SourceVersion "1"]
[SourceVersionDate "2023.12.13"]
[SourceQuality "1"]

1. e4 c5 2. Nf3 d6 3. Bb5+ Bd7 4. Bxd7+ Qxd7 5. 0-0 Nc6 6. c3 Nf6 7. Re1 e6 8. d4 cxd4 9. cxd4 d5 10. e5 Ne4 11. a3 Be7 12. Qd3 0-0 13. Nbd2 Nxd2 14. Bxd2 a5 15. h4 a4 16. Ng5 Bxg5 17. hxg5 Na7 18. Bc3 Rfc8 19. Re3 Qb5 20. Qd2 Qc4 21. Rh3 Nb5 22. g4 Nxc3 23. bxc3 Ra6 24. Kg2 Kf8 25. Rb1 b5 26. Qf4 Rc7 27. g6 hxg6 28. Qg5 Ke8 29. Rh8+ Kd7 30. Qd8+ Kc6 31. Qb8 f6 32. Re8 Kd7 33. Rxb5 Rc8 34. Rb7+ Kxe8 0-1

[Event "SRB-chT Premier"]
[Site "Bajina Basta"]
[Date "2023.09.25"]
[Round "8.6"]
[White "Maksimovic, Bojan"]
[Black "Aslanov, Umid Fuad"]
[Result "1-0"]
[WhiteElo "2484"]
[BlackElo "2260"]
[PlyCount "53"]
[EventDate "2023.09.18"]
[EventType "team-tourn"]
[EventRounds "11"]
[EventCountry "SRB"]
[SourceTitle "EXT 2024"]
[Source "ChessBase"]
[SourceDate "2023.10.10"]
[SourceVersion "1"]
[SourceVersionDate "2023.10.10"]
[SourceQuality "1"]
[WhiteTeam "Kac Jugovic"]
[BlackTeam "Nova Pazova Mladost"]
[WhiteTeamCountry "SRB"]
[BlackTeamCountry "SRB"]

1. Nf3 d5 2. g3 Nf6 3. Bg2 c6 4. 0-0 Bg4 5. h3 Bh5 6. c4 e6 7. d4 Nbd7 8. cxd5 cxd5 9. Bf4 Be7 10. Nc3 0-0 11. Qb3 Qb6 12. Qxb6 Nxb6 13. g4 Bg6 14. Ne5 Nfd7 15. Nxg6 hxg6 16. a4 f5 17. a5 fxg4 18. axb6 Rxf4 19. e3 Rff8 20. bxa7 g3 21. fxg3 Rxf1+ 22. Kxf1 Bd6 23. Nxd5 exd5 24. Bxd5+ Kh7 25. Bxb7 Rf8+ 26. Ke2 Nb6 27. Ra6 1-0

[Event "SRB-chT Premier"]
[Site "Bajina Basta"]
[Date "2023.09.20"]
[Round "3.3"]
[White "Petrov, Martin"]
[Black "Aslanov, Umid Fuad"]
[Result "1/2-1/2"]
[WhiteElo "2495"]
[BlackElo "2260"]
[PlyCount "94"]
[EventDate "2023.09.18"]
[EventType "team-tourn"]
[EventRounds "11"]
[EventCountry "SRB"]
[SourceTitle "EXT 2024"]
[Source "ChessBase"]
[SourceDate "2023.10.10"]
[SourceVersion "1"]
[SourceVersionDate "2023.10.10"]
[SourceQuality "1"]
[WhiteTeam "Kostolac Rudar"]
[BlackTeam "Nova Pazova Mladost"]
[WhiteTeamCountry "SRB"]
[BlackTeamCountry "SRB"]

1. e4 c5 2. Nc3 d6 3. d4 cxd4 4. Qxd4 Nc6 5. Qd2 g6 6. b3 Bh6 7. f4 Nf6 8. Bb2 e5 9. g3 0-0 10. 0-0-0 Re8 11. Kb1 Nd4 12. Qg2 Bg4 13. Be2 Rc8 14. Bxg4 Nxg4 15. Rd3 Nf6 16. Nf3 Nxf3 17. Qxf3 Qe7 18. f5 Rc6 19. Rf1 g5 20. Nd5 Nxd5 21. Rxd5 f6 22. Rfd1 Bf8 23. c4 b6 24. a4 Qg7 25. Ba3 Rd8 26. R1d2 Kh8 27. Qd1 Qb7 28. Ka2 Qb8 29. Qh5 Qc7 30. h4 gxh4 31. Qxh4 Qe7 32. g4 a6 33. Rh2 Rd7 34. Bc1 b5 35. axb5 axb5 36. Rxb5 Ra7+ 37. Kb1 Rca6 38. Bb2 Qd8 39. Rd5 Qb6 40. Qxf6+ Kg8 41. Qe6+ Kh8 42. Kc2 Qg1 43. Rdd2 Ra2 44. Qf6+ Kg8 45. Qe6+ Kh8 46. Qf6+ Kg8 47. Qg5+ Kh8 1/2-1/2

[Event "Titled Tuesday intern op 12th Sep Late"]
[Site "Chess.com INT"]
[Date "2023.09.12"]
[Round "2"]
[White "Duda, Jan Krzysztof"]
[Black "Aslanov, Umid Fuad"]
[Result "1-0"]
[WhiteElo "2726"]
[BlackElo "2260"]
[PlyCount "81"]
[EventDate "2023.09.12"]
[EventType "swiss (blitz)"]
[EventRounds "11"]
[EventCountry "USA"]
[SourceTitle "EXT 2024"]
[Source "ChessBase"]
[SourceDate "2023.10.10"]
[SourceVersion "1"]
[SourceVersionDate "2023.10.10"]
[SourceQuality "1"]

1. c4 e6 2. g3 d5 3. Bg2 Nf6 4. Nf3 dxc4 5. Qa4+ Bd7 6. Qxc4 c5 7. Ne5 Qc8 8. Qd3 Nc6 9. Nxd7 Nxd7 10. Nc3 Be7 11. Qb5 a6 12. Qa4 0-0 13. Bxc6 bxc6 14. b3 Rb8 15. Ba3 Bf6 16. Qe4 Rd8 17. Rc1 c4 18. Qxc4 Ne5 19. Qe4 Rd4 20. Qc2 c5 21. Ne4 c4 22. Nxf6+ gxf6 23. Bb2 Qc6 24. 0-0 cxb3 25. Qxc6 Nxc6 26. Rxc6 Rxd2 27. Bxf6 bxa2 28. Be5 Ra8 29. e3 h5 30. Rfc1 Kh7 31. Kg2 a5 32. R1c2 Rd5 33. Ba1 h4 34. Rxa2 hxg3 35. hxg3 Kg6 36. Rc4 Rh5 37. Rg4+ Kf5 38. Rga4 Kg6 39. Rg4+ Kf5 40. Rg7 f6 41. g4+ 1-0

[Event "Titled Tuesday intern op 22nd Aug Early"]
[Site "Chess.com INT"]
[Date "2023.08.22"]
[Round "4"]
[White "Aslanov, Umid Fuad"]
[Black "Rustemov, Alexander"]
[Result "0-1"]
[WhiteElo "2260"]
[BlackElo "2525"]
[PlyCount "116"]
[EventDate "2023.08.22"]
[EventType "swiss (blitz)"]
[EventRounds "11"]
[EventCountry "USA"]
[SourceTitle "EXT 2024"]
[Source "ChessBase"]
[SourceDate "2023.10.10"]
[SourceVersion "1"]
[SourceVersionDate "2023.10.10"]
[SourceQuality "1"]

1. e4 e6 2. d4 d5 3. Nd2 dxe4 4. Nxe4 Bd7 5. Nf3 Bc6 6. Bd3 Nd7 7. 0-0 Ngf6 8. Bg5 Be7 9. Ned2 0-0 10. c3 h6 11. Bh4 Nh5 12. Bxe7 Qxe7 13. g3 Nhf6 14. Qe2 Rad8 15. Rfe1 b6 16. Ne4 Bb7 17. Rad1 c5 18. Bb1 Rfe8 19. h4 Bd5 20. c4 Bb7 21. b3 cxd4 22. Rxd4 Nc5 23. Nxc5 Qxc5 24. Rxd8 Rxd8 25. Ne5 Qd6 26. Ng4 Nxg4 27. Qxg4 Qd2 28. Rf1 Qd4 29. Qxd4 Rxd4 30. Rc1 a5 31. Kf1 Bf3 32. Bc2 g5 33. hxg5 hxg5 34. a3 g4 35. b4 axb4 36. axb4 f5 37. Bb3 Kf7 38. c5 Rxb4 39. c6 Rxb3 40. c7 Bb7 41. c8Q Bxc8 42. Rxc8 Rb2 43. Rc7+ Kf6 44. Kg2 b5 45. Rc5 b4 46. Rb5 b3 47. Kg1 Ke7 48. Kf1 Kd6 49. Rb6+ Kd5 50. Ke1 e5 51. Rb5+ Ke4 52. Rb8 Kf3 53. Rf8 Rb1+ 54. Kd2 Kxf2 55. Rxf5+ Kxg3 56. Rxe5 Kg2 57. Rg5 g3 58. Kc3 Kf3 0-1

[Event "Titled Tuesday intern op 08th Aug Early"]
[Site "Chess.com INT"]
[Date "2023.08.08"]
[Round "10"]
[White "Aslanov, Umid Fuad"]
[Black "Vaz, Ethan"]
[Result "1-0"]
[WhiteElo "2260"]
[BlackElo "2306"]
[PlyCount "101"]
[EventDate "2023.08.08"]
[EventType "swiss (blitz)"]
[EventRounds "11"]
[EventCountry "USA"]
[SourceTitle "EXT 2024"]
[Source "ChessBase"]
[SourceDate "2023.10.10"]
[SourceVersion "1"]
[SourceVersionDate "2023.10.10"]
[SourceQuality "1"]

1. e4 c5 2. Nf3 d6 3. d4 cxd4 4. Nxd4 Nf6 5. Nc3 a6 6. Bc4 e6 7. Bb3 b5 8. Bg5 Be7 9. Qf3 Qc7 10. 0-0-0 b4 11. Ba4+ Bd7 12. Bxd7+ Nfxd7 13. Bxe7 bxc3 14. e5 d5 15. Bd6 Qb6 16. Qxc3 a5 17. f4 Na6 18. f5 Nac5 19. fxe6 fxe6 20. Nb3 Ne4 21. Qh3 Nf8 22. Rhf1 0-0-0 23. Rxf8 Rhxf8 24. Qxe6+ Rd7 25. Qxd5 Nxd6 26. exd6 Qb7 27. Qc4+ Kb8 28. Nc5 Rc8 29. Nxd7+ Qxd7 30. Qd4 Qc6 31. Rd2 Rd8 32. b3 g6 33. a4 Kb7 34. Qe5 Re8 35. Qxa5 Re1+ 36. Kb2 Qe8 37. Qb5+ Qxb5 38. axb5 Kc8 39. d7+ Kd8 40. b6 Re6 41. b7 Rb6 42. c4 Rxb7 43. Kc3 Rc7 44. b4 Ra7 45. c5 Ra1 46. Kc4 Ra8 47. c6 Ra1 48. Kc5 Rc1+ 49. Kb6 Rc3 50. b5 Rc4 51. Re2 1-0

[Event "Titled Tuesday intern op 08th Aug Early"]
[Site "Chess.com INT"]
[Date "2023.08.08"]
[Round "8"]
[White "Jovic, Stanoje"]
[Black "Aslanov, Umid Fuad"]
[Result "0-1"]
[WhiteElo "2075"]
[BlackElo "2260"]
[PlyCount "92"]
[EventDate "2023.08.08"]
[EventType "swiss (blitz)"]
[EventRounds "11"]
[EventCountry "USA"]
[SourceTitle "EXT 2024"]
[Source "ChessBase"]
[SourceDate "2023.10.10"]
[SourceVersion "1"]
[SourceVersionDate "2023.10.10"]
[SourceQuality "1"]

1. c4 e6 2. g3 d5 3. Bg2 Nf6 4. Nf3 dxc4 5. 0-0 c5 6. Na3 Nc6 7. Nxc4 Be7 8. b3 0-0 9. Bb2 a6 10. Rc1 b5 11. Nce5 Bb7 12. Nxc6 Bxc6 13. Qc2 h6 14. Ng5 Bxg2 15. Bxf6 hxg5 16. Bxe7 Qxe7 17. Kxg2 Rac8 18. Qe4 Rfd8 19. d3 Rd5 20. Rc2 Rc6 21. Rfc1 Qc7 22. b4 Re5 23. Qf3 c4 24. dxc4 bxc4 25. a3 a5 26. b5 Rxb5 27. Qg4 Qb7 28. f3 Rb2 29. Qxg5 Rxc2 30. Rxc2 Qc7 31. Rc3 a4 32. h4 Rb6 33. h5 Rb3 34. Qe3 Rxc3 35. Qxc3 Qc5 36. g4 Qb5 37. Qd4 Qd5 38. Qc3 f6 39. h6 Kh7 40. hxg7 Kxg7 41. Kf2 Qc5+ 42. e3 e5 43. Kg3 Kf7 44. Qc2 Ke6 45. Qf5+ Ke7 46. Qh7+ Kd6 0-1

[Event "Titled Tuesday intern op 11th Jul Early"]
[Site "Chess.com INT"]
[Date "2023.07.11"]
[Round "2"]
[White "Aslanov, Umid Fuad"]
[Black "Hernando Rodrigo, Julio Antonio"]
[Result "1-0"]
[WhiteElo "2260"]
[BlackElo "2240"]
[PlyCount "81"]
[EventDate "2023.07.11"]
[EventType "swiss (blitz)"]
[EventRounds "11"]
[EventCountry "USA"]
[SourceTitle "EXT 2024"]
[Source "ChessBase"]
[SourceDate "2023.10.10"]
[SourceVersion "1"]
[SourceVersionDate "2023.10.10"]
[SourceQuality "1"]

1. e4 d5 2. exd5 Qxd5 3. Nc3 Qa5 4. d4 Nf6 5. Nf3 Bg4 6. h3 Bxf3 7. Qxf3 c6 8. Bd2 e6 9. Bc4 Bb4 10. a3 Nd5 11. Bxd5 cxd5 12. 0-0 Bxc3 13. Bxc3 Qc7 14. Rfe1 0-0 15. Re3 Nd7 16. Rae1 a5 17. Qg4 Nf6 18. Qe2 Ne4 19. Rxe4 dxe4 20. Qxe4 Rfd8 21. Re3 Rd5 22. Rg3 g6 23. Bd2 Rc8 24. c4 Qxc4 25. Rc3 a4 26. Rxc4 Rxc4 27. Be3 b5 28. h4 h5 29. g4 b4 30. Qd3 bxa3 31. bxa3 Rc8 32. Qa6 Rcd8 33. Qxa4 hxg4 34. Qb4 Rh5 35. Qe7 Rdd5 36. Bg5 Rf5 37. Bf6 Rxf6 38. Qxf6 Rd5 39. a4 Kh7 40. Kg2 Rf5 41. Qe7 1-0

[Event "Baku op"]
[Site "Baku"]
[Date "2023.05.10"]
[Round "7"]
[White "Aydin, Gulenay"]
[Black "Aslanov, Umid Fuad"]
[Result "0-1"]
[WhiteElo "2001"]
[BlackElo "2273"]
[PlyCount "100"]
[EventDate "2023.05.04"]
[EventType "swiss"]
[EventRounds "9"]
[EventCountry "AZE"]
[SourceTitle "CBM 214 Extra"]
[Source "ChessBase"]
[SourceDate "2023.07.31"]
[SourceVersion "1"]
[SourceVersionDate "2023.07.31"]
[SourceQuality "1"]

1. e4 c5 2. Nf3 d6 3. d4 cxd4 4. Nxd4 Nf6 5. Nc3 a6 6. a3 Nc6 7. Be2 e5 8. Nb3 Be6 9. Be3 Be7 10. Qd2 0-0 11. Rd1 b5 12. 0-0 b4 13. axb4 Nxb4 14. Bg5 Qc7 15. f4 Nxc2 16. Qxc2 Qb6+ 17. Nc5 Qxc5+ 18. Kh1 exf4 19. Bxf4 d5 20. exd5 Nxd5 21. Bd3 Nxf4 22. Rxf4 Qh5 23. Rff1 Rad8 24. Ne4 a5 25. Ng3 Qh6 26. Nf5 Bxf5 27. Bxf5 Bd6 28. Bh3 Qe3 29. Rde1 Qb6 30. Bf5 h6 31. Bd3 Bb8 32. Bc4 Qc7 33. g3 Rc8 34. b3 a4 35. Qf5 a3 36. Ra1 Qe7 37. Ra2 Bd6 38. Raf2 Kh8 39. Bxf7 Bc5 40. Rf3 a2 41. Ra1 Rc7 42. Rxa2 Qxf7 43. Qxf7 Rcxf7 44. Rxf7 Rxf7 45. Rc2 Bb6 46. Kg2 Kh7 47. h4 Rb7 48. Rb2 Kg6 49. b4 Bd4 50. Rb3 Rb5 0-1